Mexico National Team All-Time XI - Statistics

General Stats
  • This quiz has been taken 85 times
  • The average score is 6 of 13
Answer Stats
Position Period Player % Correct
12th player 2009-19 Javier Hernández
88%
FW 1977-94 Hugo Sánchez
84%
FW 1995-2002 Luis Hernández
84%
DF 1997-2018 Rafael Márquez
79%
GK 1991-2003 Jorge Campos
61%
MF 2005-22 Andrés Guardado
56%
MF 1995-2014 Cuauhtémoc Blanco
47%
DF 2004-14 Carlos Salcido
29%
FW 1997-2008 Jared Borgetti
26%
DF 1992-2006 Claudio Suárez
19%
DF 2003-11 Ricardo Osorio
17%
MF 1988-2002 Alberto García Aspe
8%
Coach 1991/94-97 Manuel Lapuente
5%
No matching quizzes found
Score Distribution
Percent of People with Each Score
Percentile by Number Answered
Your Score History
You have not taken this quiz